Ötletadó válaszok a globális-lokális ellentét területi egyenlőtlenségeinek kezelésére vidéki térségekben

Bibliográfiai részletek
Szerzők: Bodó Bence
Szabóné Erdélyi Éva
Dokumentumtípus: Könyv része
Megjelent: Budapesti Gazdasági Egyetem, Kereskedelmi, Vendéglátóipari és Idegenforgalmi Kar, Közgazdasági Intézeti Tanszéki Osztály Budapest 2016
Sorozat:Multidiszciplináris kihívások, sokszínű válaszok 2
Tárgyszavak:
Kulcsszavak:Észak-Alföld
Területi egyenlőtlenségek
Hátrányos helyzet
Vidéki fenntarthatóság
Településfejlesztés
Online Access:http://publikaciotar.uni-bge.hu/1177

MARC

LEADER 00000naa a2200000 i 4500
001 publ1177
005 20260112154310.0
008 260112s2016 hu o 000 zxx d
020 |a 9786155607219 
040 |a BGE Publikációtár Repozitórium  |b hun 
100 1 |a Bodó Bence 
245 1 0 |a Ötletadó válaszok a globális-lokális ellentét területi egyenlőtlenségeinek kezelésére vidéki térségekben  |c Bodó Bence  |h [elektronikus dokumentum] 
260 |a Budapesti Gazdasági Egyetem, Kereskedelmi, Vendéglátóipari és Idegenforgalmi Kar, Közgazdasági Intézeti Tanszéki Osztály  |b Budapest  |c 2016 
300 |a 4-18 
490 0 |a Multidiszciplináris kihívások, sokszínű válaszok  |v 2 
520 3 |a A globális világgazdaság egyik jellegzetes rendszertulajdonsága, hogy növekedése – különösen a vállalati döntéshozatalban – fokozza a lokalizáció jelentőségét, megpecsételve ezzel a kedvezőtlenebb adottságokkal rendelkező térségek sorsát. A külső gazdasági függés, vagyis az exogén erőforrások aránytalan túlsúlyának mérséklésére azonban számos alternatív megoldás kínálkozik, jóllehet a valódi változás inkább közgazdasági paradigmaváltást igényel. A térség- és településfejlesztés sikeressége valamennyi esetben a gyökérokok megkeresésében, a helyi adottságokhoz illeszkedő (közösségvezérelt) helyi gazdaságfejlesztésben és a stratégia megfogalmazásában rejlik. A gazdasági dimenzión túl nélkülözhetetlen tényező a környezeti fenntarthatóság, a települések közötti együttműködések, a közösségszervezés és a lokális identitás erősítésének hangsúlyozása. Kutatásunk során az e hasonló elvek mentén szerveződő megoldásokat elemeztük és térképeztük fel az Észak-Alföldi régió periférikus elhelyezkedésű és városhiányos aprófalvas térségeiben, ahol komoly kihívást jelent a marginalizáció és a depriváció. A kérdés az, hogy ki lehet-e törni ebből az ördögi körből, és ha igen, hogyan lehetséges? 
650 4 |a közgazdaságtudományok 
695 |a Észak-Alföld 
695 |a Területi egyenlőtlenségek 
695 |a Hátrányos helyzet 
695 |a Vidéki fenntarthatóság 
695 |a Településfejlesztés 
700 1 |a Szabóné Erdélyi Éva  |e aut 
856 4 0 |u https://publikaciotar.uni-bge.hu/id/eprint/1177/1/1_Bodo_Szabone.pdf  |z Dokumentum-elérés